00861nam a22002417a 450000500170000001000110001702000100002803500110003803700160004904000120006508200130007710000260009024501080011626000320022427000370025630000290029350000550032265000500037765000270042794200220045499900190047695201240049520170124110113.0 a476592 c00.00 a476592 bCen Lib/Ret aDPLbEN a921bMIL aMiller, Edward929450 aPrince of librarians :cby Edward Millerbthe life and times of Antonio Panizzi of the British Museum / aLondonbAndre Deutschc1967 a105 Great Russell StreetbLondon a356p. : c21cm(Hb)bill. aIncludes bibliographical references and index  aPanizzi, Anthony, -- Sir, -- 1797-1879929451 aBritish Library929452 2ddccENh921mMIL c130535d130535 00104070aLbLd2015-07-09eCen Lib/Ret g0.00l0o921 MILp476592r2015-07-09 00:00:00t1v0.00w2015-07-09yEN